000 01241nam a22003977a 4500
001 BR2024001968
003 BR-BrBNA
005 20240711164548.0
008 240711b bl.||||| |||| 00| 0 por d
040 _aBR-BrBNA
_bpor
041 _apor
072 _aK10 ; E40 ; K50
_b2480
090 _a2480 BR2024001968
110 _aMinistério da Agricultura e do Abastecimento, Brasília, DF (Brasil)
_96726
110 _aFundação Arthur Bernardes, Viçosa, MG (Brasil)
_95082
245 _aCadastramento da cadeia produtiva da borracha natural
_bPrograma de Concessão de Subvenção Econômica à Comercialização da Borracha Natural
260 _aBrasília, DF (Brasil)
_c2001
300 _a63 p.
500 _a24 illlus.; 42 tables
650 _aSERINGUEIRA
650 _aPLANTA PRODUTORA DE BORRACHA
650 _aLÁTEX
650 _aBORRACHA BRASILEIRA
650 _aESPÉCIE NATIVA
650 _aSISTEMA DE CULTIVO
650 _aPRODUTOR
650 _aPRODUÇÃO
650 _aCADEIA PRODUTIVA
650 _aEXPLORAÇÃO FLORESTAL
650 _aCOMERCIALIZAÇÃO
650 _aCOOPERATIVA DE PRODUTORES
650 _aBENEFICIADOR
650 _aCONSUMO
909 _a202407
_bFernando
942 _cBK
999 _c300496
_d300496